[Event "HUN-chT2 Maroczy 1314"]
[Site "Hungary"]
[Date "2014.03.02"]
[Round "8"]
[White "Havasi, Janos"]
[Black "Kevei, Peter"]
[Result "1/2-1/2"]
[WhiteElo "2187"]
[BlackElo "2230"]
[PlyCount "47"]
[EventDate "2013.09.08"]
[EventType "team-tourn"]
[EventRounds "11"]
[EventCountry "HUN"]
[SourceTitle "EXT 2016"]
[Source "ChessBase"]
[SourceDate "2015.10.08"]
[SourceVersion "1"]
[SourceVersionDate "2015.10.08"]
[SourceQuality "1"]
[WhiteTeam "Budapest Vasas"]
[BlackTeam "Szeged Maroczy"]
[WhiteTeamCountry "HUN"]
[BlackTeamCountry "HUN"]

1. e4 c5 2. Nc3 Nc6 3. g3 g6 4. Bg2 Bg7 5. d3 d6 6. Be3 e5 7. Qd2 Nge7 8. h3 Be6 9. Nd5 Bxd5 10. exd5 Nb4 11. c4 Nf5 12. a3 Na6 13. Ne2 0-0 14. 0-0 Rb8 15. Nc3 Nc7 16. b4 Nxe3 17. Qxe3 f5 18. bxc5 f4 19. Qf3 dxc5 20. Ne4 b6 21. Ra2 Ne8 22. Rb1 fxg3 23. Qxg3 Nd6 24. Nxd6 1/2-1/2

[Event "HUN-chT2 Maroczy 1314"]
[Site "Hungary"]
[Date "2014.02.16"]
[Round "7"]
[White "Kevei, Peter"]
[Black "Hardicsay, Peter"]
[Result "0-1"]
[WhiteElo "2230"]
[BlackElo "2248"]
[PlyCount "84"]
[EventDate "2013.09.08"]
[EventType "team-tourn"]
[EventRounds "11"]
[EventCountry "HUN"]
[SourceTitle "EXT 2016"]
[Source "ChessBase"]
[SourceDate "2015.10.08"]
[SourceVersion "1"]
[SourceVersionDate "2015.10.08"]
[SourceQuality "1"]
[WhiteTeam "Szeged Maroczy"]
[BlackTeam "Szigetszentmiklos"]
[WhiteTeamCountry "HUN"]
[BlackTeamCountry "HUN"]

1. e4 c6 2. d4 d5 3. Nc3 dxe4 4. Nxe4 Bf5 5. Ng3 Bg6 6. f4 e6 7. Nf3 Nd7 8. Bd3 Ngf6 9. 0-0 Be7 10. f5 exf5 11. Nxf5 0-0 12. Bg5 Re8 13. c4 Qb6 14. Qb3 Bf8 15. Qxb6 axb6 16. Nd2 Re6 17. Bh4 Ng4 18. d5 Ree8 19. Bg5 Bc5+ 20. Kh1 Nf2+ 21. Rxf2 Bxf2 22. g4 Ne5 23. Be2 f6 24. Bf4 Bc5 25. Nb3 Rad8 26. Nxc5 bxc5 27. Rd1 Bxf5 28. gxf5 cxd5 29. cxd5 Rd6 30. Bf1 Kf7 31. Be3 b6 32. a4 Ng4 33. Bf4 Ne5 34. h3 g6 35. Kg1 Red8 36. Bg2 gxf5 37. Kf2 Ra8 38. b3 c4 39. bxc4 Rxa4 40. Bf1 Ra3 41. Be3 f4 42. Bc1 Rc3 0-1

[Event "HUN-chT2 Maroczy 1314"]
[Site "Hungary"]
[Date "2013.11.17"]
[Round "5"]
[White "Kevei, Peter"]
[Black "Lorincz, Istvan"]
[Result "0-1"]
[WhiteElo "2230"]
[BlackElo "2241"]
[PlyCount "58"]
[EventDate "2013.09.08"]
[EventType "team-tourn"]
[EventRounds "11"]
[EventCountry "HUN"]
[SourceTitle "EXT 2016"]
[Source "ChessBase"]
[SourceDate "2015.10.08"]
[SourceVersion "1"]
[SourceVersionDate "2015.10.08"]
[SourceQuality "1"]
[WhiteTeam "Szeged Maroczy"]
[BlackTeam "Budapest MLTC II"]
[WhiteTeamCountry "HUN"]
[BlackTeamCountry "HUN"]

1. e4 c6 2. d4 d5 3. Nc3 dxe4 4. Nxe4 Bf5 5. Ng3 Bg6 6. f4 e6 7. Nf3 Nd7 8. Bd3 Ngf6 9. 0-0 Bxd3 10. Qxd3 g6 11. Re1 Be7 12. Bd2 0-0 13. c4 c5 14. Bc3 cxd4 15. Nxd4 Re8 16. f5 exf5 17. Ngxf5 Bf8 18. Rxe8 Nxe8 19. Ne3 Nc5 20. Qc2 Nf6 21. b3 Nce4 22. Rd1 Nxc3 23. Qxc3 Qb6 24. Nec2 Rd8 25. Kf1 Ne4 26. Qf3 f5 27. Rd3 Bg7 28. Qe3 Re8 29. Qf3 Qa5 0-1

[Event "HUN-chT2 Maroczy 1314"]
[Site "Hungary"]
[Date "2013.09.08"]
[Round "1"]
[White "Kevei, Peter"]
[Black "Keresztes, Richard"]
[Result "1-0"]
[WhiteElo "2230"]
[BlackElo "2237"]
[PlyCount "67"]
[EventDate "2013.09.08"]
[EventType "team-tourn"]
[EventRounds "11"]
[EventCountry "HUN"]
[SourceTitle "EXT 2016"]
[Source "ChessBase"]
[SourceDate "2015.10.08"]
[SourceVersion "1"]
[SourceVersionDate "2015.10.08"]
[SourceQuality "1"]
[WhiteTeam "Szeged Maroczy"]
[BlackTeam "Toth Laszlo"]
[WhiteTeamCountry "HUN"]
[BlackTeamCountry "HUN"]

1. e4 c5 2. Nf3 d6 3. d4 cxd4 4. Nxd4 Nf6 5. Nc3 a6 6. Bc4 b5 7. Bb3 Bb7 8. 0-0 Nc6 9. a4 b4 10. Nxc6 Bxc6 11. Nd5 e6 12. Re1 Be7 13. Nxe7 Qxe7 14. Bg5 Rd8 15. Qd4 a5 16. Bxf6 gxf6 17. Rad1 Rg8 18. Re3 f5 19. Bd5 Bxd5 20. exd5 e5 21. Qb6 f4 22. Rb3 Qg5 23. g3 Rg6 24. Qxa5 Qg4 25. Re1 Rh6 26. Qxb4 Qh3 27. Qe4 Qxh2+ 28. Kf1 Rc8 29. gxf4 Rf6 30. Rg3 Kd7 31. f5 h5 32. Ke2 h4 33. Rg4 Ke7 34. Rh1 1-0

[Event "HUN-chT2 Maroczy 1213"]
[Site "Hungary"]
[Date "2013.03.24"]
[Round "9"]
[White "Kevei, Peter"]
[Black "Szepes, Tamas"]
[Result "0-1"]
[WhiteElo "2252"]
[BlackElo "2228"]
[PlyCount "116"]
[EventDate "2012.09.16"]
[EventType "team-tourn"]
[EventRounds "11"]
[EventCountry "HUN"]
[SourceTitle "EXT 2014"]
[Source "ChessBase"]
[SourceDate "2013.11.20"]
[SourceVersion "1"]
[SourceVersionDate "2013.11.20"]
[SourceQuality "1"]
[WhiteTeam "Maroczy"]
[BlackTeam "Taban Spartacus"]
[WhiteTeamCountry "HUN"]
[BlackTeamCountry "HUN"]

1. e4 e5 2. Nf3 Nc6 3. Bc4 Nf6 4. Ng5 d5 5. exd5 Na5 6. Bb5+ c6 7. dxc6 bxc6 8. Be2 h6 9. Nf3 e4 10. Ne5 Bc5 11. c3 Bd6 12. d4 exd3 13. Nxd3 Qc7 14. Nd2 0-0 15. b4 Nb7 16. h3 Rd8 17. Nc4 Bh2 18. Be3 Be6 19. Nd2 Bf5 20. Bd4 Nd5 21. Nc4 Re8 22. Kf1 Rad8 23. Bg4 Nxc3 24. Qf3 Bxd3+ 25. Qxd3 Nb5 26. g3 Rxd4 27. Qb3 Bxg3 28. fxg3 Qd8 29. Rd1 Rxd1+ 30. Qxd1 Qf6+ 31. Kg2 Qc3 32. Qb3 Re4 33. Qxc3 Nxc3 34. Na5 Nxa5 35. bxa5 Nxa2 36. Rd1 Re7 37. Rd8+ Kh7 38. Rc8 Nb4 39. Bf3 Re5 40. a6 Nxa6 41. Rxc6 Re6 42. Rc8 Re7 43. Kf2 Nc7 44. Rb8 Ne6 45. Bd5 g6 46. Ra8 Nc7 47. Rd8 Nxd5 48. Rxd5 Kg7 49. Ra5 Kf6 50. Kf3 Ke6 51. Ke4 Kd6+ 52. Kf4 Kc6 53. g4 Kb6 54. Ra1 a5 55. Rb1+ Kc5 56. Ra1 Kb4 57. Rb1+ Kc3 58. Ra1 Ra7 0-1

[Event "HUN-chT2 Maroczy 1213"]
[Site "Hungary"]
[Date "2012.11.18"]
[Round "4"]
[White "Kevei, Peter"]
[Black "Kelemen, Imre"]
[Result "0-1"]
[WhiteElo "2252"]
[BlackElo "2174"]
[PlyCount "100"]
[EventDate "2012.09.16"]
[EventType "team-tourn"]
[EventRounds "11"]
[EventCountry "HUN"]
[SourceTitle "EXT 2014"]
[Source "ChessBase"]
[SourceDate "2013.11.20"]
[SourceVersion "1"]
[SourceVersionDate "2013.11.20"]
[SourceQuality "1"]
[WhiteTeam "Maroczy"]
[BlackTeam "Debrecen"]
[WhiteTeamCountry "HUN"]
[BlackTeamCountry "HUN"]

1. e4 e5 2. Nf3 Nf6 3. d4 Nxe4 4. Nxe5 d6 5. Nf3 d5 6. Bd3 Bg4 7. 0-0 Nc6 8. Re1 f5 9. c4 Bb4 10. Bd2 0-0 11. Bxb4 Nxb4 12. Be2 dxc4 13. Bxc4+ Kh8 14. Be2 Nd5 15. Qc1 Qd6 16. Ne5 Bxe2 17. Rxe2 c5 18. Nc4 Qf4 19. Nc3 Nexc3 20. bxc3 cxd4 21. cxd4 Rac8 22. Qxf4 Nxf4 23. Rc2 b5 24. Ne3 Rxc2 25. Nxc2 Rc8 26. Re1 Kg8 27. Ne3 g6 28. g3 Nd3 29. Rb1 Rc1+ 30. Rxc1 Nxc1 31. a3 Ne2+ 32. Kf1 Nxd4 33. h3 Kf7 34. Ke1 Ke6 35. Kd2 a5 36. Kd3 Nc6 37. f4 h5 38. Kc3 Kd6 39. Kd3 Kc5 40. g4 fxg4 41. hxg4 h4 42. Ke4 b4 43. axb4+ axb4 44. Kf3 b3 45. Nd1 Kd4 46. Nb2 Ne7 47. Na4 Nd5 48. Nb2 Ne3 49. Na4 Nc4 50. Kg2 Ke3 0-1

[Event "HUN-chT2 Maroczy 1112"]
[Site "Hungary"]
[Date "2012.05.06"]
[Round "10"]
[White "Kevei, Peter"]
[Black "Zalai, Mihaly"]
[Result "1/2-1/2"]
[WhiteElo "2259"]
[BlackElo "2184"]
[PlyCount "50"]
[EventDate "2011.09.25"]
[EventType "team-tourn"]
[EventRounds "11"]
[EventCountry "HUN"]
[SourceTitle "EXT 2013"]
[Source "ChessBase"]
[SourceDate "2012.11.22"]
[SourceVersion "1"]
[SourceVersionDate "2012.11.22"]
[SourceQuality "1"]
[WhiteTeam "Maroczy"]
[BlackTeam "Oroshaza"]
[WhiteTeamCountry "HUN"]
[BlackTeamCountry "HUN"]

1. e4 c5 2. Nf3 Nc6 3. d4 cxd4 4. Nxd4 g6 5. Be3 Bg7 6. Be2 Nf6 7. Nc3 0-0 8. 0-0 d5 9. exd5 Nxd5 10. Nxd5 Qxd5 11. Bf3 Qa5 12. Nxc6 bxc6 13. Bxc6 Rb8 14. Qd5 Qc7 15. Ba4 Bxb2 16. Rad1 Ba6 17. Rfe1 Bc3 18. Bd2 Bc4 19. Qc6 Qxc6 20. Bxc6 Bxd2 21. Rxd2 Bxa2 22. Rd7 e6 23. Rxa7 Rb2 24. Rc1 Rc8 25. Ra8 Rxa8 1/2-1/2

[Event "HUN-chT2 Maroczy 1112"]
[Site "Hungary"]
[Date "2012.03.11"]
[Round "7"]
[White "Hibjan, Tamas"]
[Black "Kevei, Peter"]
[Result "1-0"]
[WhiteElo "2178"]
[BlackElo "2259"]
[PlyCount "109"]
[EventDate "2011.09.25"]
[EventType "team-tourn"]
[EventRounds "11"]
[EventCountry "HUN"]
[SourceTitle "EXT 2013"]
[Source "ChessBase"]
[SourceDate "2012.11.22"]
[SourceVersion "1"]
[SourceVersionDate "2012.11.22"]
[SourceQuality "1"]
[WhiteTeam "Nyiregyhaza"]
[BlackTeam "Maroczy"]
[WhiteTeamCountry "HUN"]
[BlackTeamCountry "HUN"]

1. e4 c5 2. Nf3 Nc6 3. d4 cxd4 4. Nxd4 Nf6 5. Nc3 e5 6. Ndb5 d6 7. Bg5 a6 8. Na3 b5 9. Nd5 Be7 10. Bxf6 Bxf6 11. c4 b4 12. Nc2 Rb8 13. b3 Bg5 14. g3 h5 15. h4 Bh6 16. Bh3 Bxh3 17. Rxh3 g6 18. Qd3 Bg7 19. Rh1 0-0 20. Kf1 Qd7 21. Rd1 Kh7 22. Nde3 Nd4 23. Kg2 f5 24. exf5 Qc6+ 25. Kh2 Nxf5 26. Rhf1 Nxe3 27. Nxe3 Rf6 28. Nd5 Rf7 29. Kg1 a5 30. Ne3 Rf6 31. Qd5 Qb6 32. Qg2 Re6 33. Qe4 Rf8 34. Nd5 Qa7 35. Qe3 Qxe3 36. Nxe3 e4 37. Rd5 Ra8 38. Rfd1 Be5 39. Rb5 Rf6 40. Rd2 Rf3 41. Re2 Bd4 42. Rb7+ Kh6 43. Re7 Be5 44. Kg2 g5 45. Re6+ Kg7 46. hxg5 a4 47. Re7+ Kg6 48. Rb7 axb3 49. axb3 h4 50. gxh4 Rh8 51. Ng4 Rxb3 52. Nxe5+ dxe5 53. Rxe4 Kf5 54. f3 Rd8 55. Rf7+ 1-0

[Event "HUN-chT2 Maroczy 1112"]
[Site "Hungary"]
[Date "2011.10.30"]
[Round "2"]
[White "Kevei, Peter"]
[Black "Metaxasz, Vaszilisz"]
[Result "1-0"]
[WhiteElo "2259"]
[BlackElo "2165"]
[PlyCount "109"]
[EventDate "2011.09.25"]
[EventType "team-tourn"]
[EventRounds "11"]
[EventCountry "HUN"]
[SourceTitle "EXT 2013"]
[Source "ChessBase"]
[SourceDate "2012.11.22"]
[SourceVersion "1"]
[SourceVersionDate "2012.11.22"]
[SourceQuality "1"]
[WhiteTeam "Maroczy"]
[BlackTeam "Taban Spartacus"]
[WhiteTeamCountry "HUN"]
[BlackTeamCountry "HUN"]

1. e4 e5 2. Nf3 Nc6 3. Bc4 Be7 4. d4 exd4 5. Nxd4 d6 6. Nc3 Nf6 7. 0-0 0-0 8. f4 Nxe4 9. Nxe4 d5 10. Nxc6 bxc6 11. Ng3 dxc4 12. Be3 Be6 13. f5 Bd5 14. Qg4 f6 15. b3 c3 16. Rad1 Qb8 17. Rd3 Qb4 18. Rf4 Qa3 19. Rxc3 Qxa2 20. Rf1 Qb2 21. Nh5 Rf7 22. Qd4 Rd8 23. Bc1 c5 24. Bxb2 cxd4 25. Rxc7 Bb4 26. Rxf7 Kxf7 27. Bxd4 Be4 28. c3 Bb7 29. Rf4 Bf8 30. Bxa7 Rd1+ 31. Rf1 Rd2 32. Rf2 Rd1+ 33. Rf1 Rd2 34. Nf4 Bd6 35. g3 g5 36. fxg6+ hxg6 37. Rf2 Rd1+ 38. Rf1 Rd2 39. Be3 Rc2 40. Rd1 Bxf4 41. Bxf4 Ke6 42. Bd2 Rb2 43. b4 Rc2 44. Kf2 Kd5 45. Ke3 Kc4 46. Rf1 f5 47. Rf4+ Be4 48. h4 Ra2 49. g4 Ra1 50. h5 Kd5 51. hxg6 Ke5 52. g7 Ra8 53. gxf5 Bxf5 54. Rh4 Rg8 55. c4 1-0

[Event "HUN-chT2 Maroczy 0809"]
[Site "Hungary"]
[Date "2009.04.19"]
[Round "11"]
[White "Chereches, Marius"]
[Black "Kevei, Peter"]
[Result "0-1"]
[WhiteElo "2352"]
[BlackElo "2243"]
[PlyCount "142"]
[EventDate "2008.10.26"]
[EventType "team-tourn"]
[EventRounds "11"]
[EventCountry "HUN"]
[SourceTitle "EXT 2010"]
[Source "ChessBase"]
[SourceDate "2010.11.25"]
[SourceVersion "1"]
[SourceVersionDate "2010.11.25"]
[SourceQuality "1"]
[WhiteTeam "Gyula"]
[BlackTeam "Maroczy"]
[WhiteTeamCountry "HUN"]
[BlackTeamCountry "HUN"]

1. e4 c5 2. Nf3 Nc6 3. d4 cxd4 4. Nxd4 Nf6 5. Nc3 e5 6. Ndb5 d6 7. Bg5 a6 8. Na3 b5 9. Bxf6 gxf6 10. Nd5 Bg7 11. c3 f5 12. exf5 Bxf5 13. Nc2 0-0 14. Nce3 Be6 15. Bd3 f5 16. Bc2 Kh8 17. Qh5 Bxd5 18. Nxd5 e4 19. 0-0 b4 20. f3 bxc3 21. bxc3 Ne7 22. fxe4 Nxd5 23. exd5 Bxc3 24. Rxf5 Qe7 25. Raf1 Rxf5 26. Qxf5 Rg8 27. g3 Be5 28. Kg2 Qh4 29. Rf3 Qh6 30. Be4 Qd2+ 31. Rf2 Qh6 32. Qe6 Qe3 33. Qf5 Qh6 34. Qf7 Bg7 35. Bf5 Rf8 36. Qe6 a5 37. Qxh6 Bxh6 38. g4 Rb8 39. Rc2 Rb7 40. h4 Bf4 41. Kf3 Be5 42. Rc8+ Kg7 43. Ra8 Bc3 44. Be6 Be1 45. g5 Kg6 46. Ra6 Bxh4 47. Rxd6 Rb2 48. Bg8+ Kxg5 49. Bxh7 Rxa2 50. Rg6+ Kh5 51. Ra6 a4 52. Bd3 a3 53. d6 Rf2+ 54. Ke4 a2 55. d7 Rf7 56. Bb5 Rf2 57. Bc4 Rd2 58. Kf5 Rf2+ 59. Ke5 Bf6+ 60. Ke6 Bd8 61. Bxa2 Rf6+ 62. Ke5 Rxa6 63. Bc4 Rb6 64. Kf5 Rf6+ 65. Ke5 Kg5 66. Be6 Bc7+ 67. Kd5 Kf4 68. Kc6 Bd8 69. Kd5 Be7 70. Bh3 Rg6 71. Be6 Rh6 0-1

[Event "HUN-chT2 Maroczy 0809"]
[Site "Hungary"]
[Date "2009.03.08"]
[Round "9"]
[White "Kevei, Peter"]
[Black "Kakuk, Sandor"]
[Result "1/2-1/2"]
[WhiteElo "2243"]
[BlackElo "2221"]
[PlyCount "89"]
[EventDate "2008.10.26"]
[EventType "team-tourn"]
[EventRounds "11"]
[EventCountry "HUN"]
[SourceTitle "EXT 2010"]
[Source "ChessBase"]
[SourceDate "2010.11.25"]
[SourceVersion "1"]
[SourceVersionDate "2010.11.25"]
[SourceQuality "1"]
[WhiteTeam "Maroczy"]
[BlackTeam "Oroshaza"]
[WhiteTeamCountry "HUN"]
[BlackTeamCountry "HUN"]

1. e4 c5 2. Nf3 d6 3. d4 cxd4 4. Nxd4 Nf6 5. Nc3 a6 6. Bc4 e6 7. Bb3 Be7 8. Qf3 Qc7 9. 0-0 Bd7 10. a4 Nc6 11. Nxc6 Bxc6 12. a5 0-0-0 13. Be3 Rdg8 14. Ba4 g5 15. Bb6 Qd7 16. Qd3 Ng4 17. b4 Ne5 18. Qe2 Bxa4 19. Rxa4 Qc6 20. Bd4 g4 21. Kh1 Rg5 22. b5 axb5 23. Nxb5 Kd7 24. Nc3 Ra8 25. Rb1 Bd8 26. Rab4 Bxa5 27. Rxb7+ Ke8 28. Bxe5 Bxc3 29. Bxc3 Qxc3 30. h4 gxh3 31. g3 Rc8 32. R1b2 Ra5 33. Kh2 Ra1 34. Qh5 Qf6 35. c4 Rf1 36. f4 Rc1 37. Qxh7 Kf8 38. e5 dxe5 39. fxe5 Qg7 40. Qxg7+ Kxg7 41. Rf2 Rf8 42. Rf4 Re1 43. Rb5 Rd8 44. Kxh3 Rd7 45. Kg4 1/2-1/2

[Event "HUN-chT2 Maroczy 0809"]
[Site "Hungary"]
[Date "2008.11.30"]
[Round "3"]
[White "Kevei, Peter"]
[Black "Gara, Gyorgy"]
[Result "1/2-1/2"]
[WhiteElo "2243"]
[BlackElo "2104"]
[PlyCount "56"]
[EventDate "2008.10.26"]
[EventType "team-tourn"]
[EventRounds "11"]
[EventCountry "HUN"]
[SourceTitle "EXT 2010"]
[Source "ChessBase"]
[SourceDate "2010.11.25"]
[SourceVersion "1"]
[SourceVersionDate "2010.11.25"]
[SourceQuality "1"]
[WhiteTeam "Maroczy"]
[BlackTeam "Matra"]
[WhiteTeamCountry "HUN"]
[BlackTeamCountry "HUN"]

1. e4 e6 2. d4 d5 3. Nc3 Bb4 4. e5 c5 5. a3 Bxc3+ 6. bxc3 Ne7 7. Qg4 Qc7 8. Qxg7 Rg8 9. Qxh7 cxd4 10. Ne2 Nbc6 11. f4 Bd7 12. Qd3 dxc3 13. Rb1 d4 14. Nxd4 Nxd4 15. Qxd4 Nf5 16. Qf2 Bc6 17. Rg1 Rd8 18. Bd3 Qa5 19. Rb4 Qd5 20. Rc4 Rxg2 21. Rxg2 Qxg2 22. Qxg2 Bxg2 23. Rxc3 Bc6 24. Bxf5 exf5 25. Be3 a6 26. Bc5 Rc8 27. Kf2 Be4 28. h4 Rc6 1/2-1/2

[Event "HUN-chT2 Maroczy 0809"]
[Site "Hungary"]
[Date "2008.10.26"]
[Round "1"]
[White "Kevei, Peter"]
[Black "Dory, Jeno"]
[Result "1/2-1/2"]
[WhiteElo "2243"]
[BlackElo "2312"]
[PlyCount "89"]
[EventDate "2008.10.26"]
[EventType "team-tourn"]
[EventRounds "11"]
[EventCountry "HUN"]
[SourceTitle "EXT 2010"]
[Source "ChessBase"]
[SourceDate "2010.11.25"]
[SourceVersion "1"]
[SourceVersionDate "2010.11.25"]
[SourceQuality "1"]
[WhiteTeam "Maroczy"]
[BlackTeam "Dunaharaszti"]
[WhiteTeamCountry "HUN"]
[BlackTeamCountry "HUN"]

1. e4 c5 2. Nf3 Nc6 3. d4 cxd4 4. Nxd4 g6 5. c4 Bg7 6. Be3 Nf6 7. Nc3 d6 8. Be2 0-0 9. 0-0 a6 10. Qd2 Bd7 11. f4 Rb8 12. Rac1 b5 13. cxb5 Nxd4 14. Bxd4 axb5 15. e5 dxe5 16. fxe5 Ng4 17. Bxg4 Bxg4 18. Qf4 Be6 19. Rfd1 Qa5 20. a3 b4 21. Ne4 bxa3 22. bxa3 Rfc8 23. Nc5 Qxa3 24. Ra1 Qb4 25. Na6 Qb3 26. Nxb8 Rxb8 27. Ba7 Rc8 28. Rab1 Qa2 29. Ra1 Qb3 30. Rab1 Qa2 31. Bf2 h5 32. h3 Qa5 33. Bd4 Kh7 34. Kh1 Rc4 35. Qe3 Qa4 36. Ba1 Qc6 37. Rb6 Qa4 38. Rbb1 Re4 39. Qg3 Re2 40. Re1 Rc2 41. Rb2 Rc4 42. Rbe2 Bh6 43. Bb2 Qc6 44. Qa3 Bg5 45. Kh2 1/2-1/2

[Event "HUN-chT2 Maroczy 0607"]
[Site "Hungary"]
[Date "2007.03.25"]
[Round "7"]
[White "Kevei, Peter"]
[Black "Agardi, Norbert"]
[Result "1-0"]
[WhiteElo "2162"]
[BlackElo "2202"]
[PlyCount "111"]
[EventDate "2006.11.12"]
[EventType "team"]
[EventRounds "11"]
[EventCountry "HUN"]
[SourceTitle "EXT 2008"]
[Source "ChessBase"]
[SourceDate "2007.11.25"]
[SourceVersion "1"]
[SourceVersionDate "2007.11.25"]
[SourceQuality "1"]
[WhiteTeam "Maroczy"]
[BlackTeam "Vizugy"]
[WhiteTeamCountry "HUN"]
[BlackTeamCountry "HUN"]

1. e4 c5 2. Nf3 Nc6 3. d4 cxd4 4. Nxd4 e5 5. Nb5 d6 6. c4 Be7 7. Be2 Be6 8. 0-0 a6 9. N5c3 Bg5 10. Nd2 Nd4 11. Nb3 Nxe2+ 12. Qxe2 Rc8 13. Nd5 Bxd5 14. cxd5 Nh6 15. Be3 0-0 16. Rac1 Rxc1 17. Rxc1 f5 18. Bxg5 Qxg5 19. Rc3 fxe4 20. Qxe4 Qh5 21. f3 Nf7 22. Nd2 Ng5 23. Qe1 Qg6 24. Qg3 Qf5 25. h4 Nf7 26. Rc7 b5 27. Ne4 Rc8 28. Ra7 h6 29. Kh2 Rc1 30. Rxa6 Rd1 31. Nc3 Rd4 32. Ra8+ Kh7 33. Nxb5 Rxd5 34. a4 Rd1 35. Nc3 Rd4 36. Ra7 d5 37. Nb5 Rd1 38. Nc3 Rd4 39. Nb5 Rd1 40. Qf2 e4 41. Qg3 exf3 42. Qxf3 Qe5+ 43. g3 Rd2+ 44. Kh3 Qe6+ 45. g4 Ne5 46. Qf5+ Qxf5 47. gxf5 Rxb2 48. f6 Rf2 49. fxg7 Rf7 50. Rxf7 Nxf7 51. a5 Ne5 52. a6 Nc4 53. Nd6 Nb6 54. Nf5 d4 55. Kg3 d3 56. Kf2 1-0

[Event "HUN-chT2 Maroczy 0607"]
[Site "Hungary"]
[Date "2007.02.18"]
[Round "5"]
[White "Zila, Laszlo"]
[Black "Kevei, Peter"]
[Result "1-0"]
[WhiteElo "2274"]
[BlackElo "2162"]
[PlyCount "71"]
[EventDate "2006.11.12"]
[EventType "team"]
[EventRounds "11"]
[EventCountry "HUN"]
[SourceTitle "EXT 2008"]
[Source "ChessBase"]
[SourceDate "2007.11.25"]
[SourceVersion "1"]
[SourceVersionDate "2007.11.25"]
[SourceQuality "1"]
[WhiteTeam "Husi"]
[BlackTeam "Maroczy"]
[WhiteTeamCountry "HUN"]
[BlackTeamCountry "HUN"]

1. e4 c5 2. Nf3 Nc6 3. c3 d5 4. exd5 Qxd5 5. d4 Bg4 6. Be2 Nf6 7. h3 Bh5 8. c4 Qd6 9. d5 Bxf3 10. Bxf3 Nd4 11. Nc3 Qe5+ 12. Be3 Nf5 13. Qa4+ Kd8 14. 0-0 Nxe3 15. Rfe1 Qd6 16. Rxe3 Qd7 17. Nb5 a6 18. Qa5+ Kc8 19. Qa3 Kb8 20. Nc3 Qc7 21. Rae1 g5 22. Na4 Ka7 23. Nxc5 e5 24. b4 Bd6 25. Nxb7 Qxb7 26. c5 e4 27. cxd6 exf3 28. Re7 Nd7 29. Rxd7 Qxd7 30. Re7 Rad8 31. Qa4 Qb7 32. Qc6 Rb8 33. b5 axb5 34. Qxb5 Qxe7 35. Qa5+ Kb7 36. dxe7 1-0

[Event "HUN-chT2 Maroczy 0607"]
[Site "Hungary"]
[Date "2006.11.26"]
[Round "2"]
[White "Kevei, Peter"]
[Black "Bali, Janos"]
[Result "0-1"]
[WhiteElo "2162"]
[BlackElo "2281"]
[PlyCount "82"]
[EventDate "2006.11.12"]
[EventType "team"]
[EventRounds "11"]
[EventCountry "HUN"]
[SourceTitle "EXT 2008"]
[Source "ChessBase"]
[SourceDate "2007.11.25"]
[SourceVersion "1"]
[SourceVersionDate "2007.11.25"]
[SourceQuality "1"]
[WhiteTeam "Maroczy"]
[BlackTeam "Fuzesabony"]
[WhiteTeamCountry "HUN"]
[BlackTeamCountry "HUN"]

1. e4 d6 2. d4 Nf6 3. Nc3 e5 4. Nf3 Nbd7 5. Bc4 Be7 6. Bg5 0-0 7. Qd2 c6 8. 0-0-0 b5 9. Bd3 b4 10. Ne2 c5 11. dxe5 dxe5 12. Ng3 Qc7 13. Nf5 Nb6 14. Nxe7+ Qxe7 15. Qe2 Qe6 16. Bxf6 Qxf6 17. Nd2 Be6 18. Kb1 Rfd8 19. g3 Rd4 20. b3 a5 21. f4 a4 22. Nf3 Bg4 23. h3 Bxf3 24. Qxf3 axb3 25. cxb3 c4 26. Bxc4 Nxc4 27. bxc4 Ra3 28. Qf2 b3 29. Rxd4 exd4 30. Qb2 bxa2+ 31. Ka1 Ra8 32. Rd1 Rd8 33. Rd3 h5 34. Qb5 Qe6 35. Qa5 Rd7 36. Qf5 Qd6 37. c5 Qb8 38. Kxa2 Rb7 39. Qd5 Rb2+ 40. Ka1 Rb1+ 41. Ka2 Qb2# 0-1

[Event "HUN-chT2 Toth 0506"]
[Site "Hungary"]
[Date "2006.01.22"]
[Round "6"]
[White "Balla, Tamas Kristof"]
[Black "Kevei, Peter"]
[Result "1-0"]
[WhiteElo "2348"]
[BlackElo "2234"]
[PlyCount "79"]
[EventDate "2005.10.16"]
[EventType "team"]
[EventRounds "11"]
[EventCountry "HUN"]
[SourceTitle "EXT 2009"]
[Source "ChessBase"]
[SourceDate "2008.11.26"]
[SourceVersion "1"]
[SourceVersionDate "2008.11.26"]
[SourceQuality "1"]
[WhiteTeam "GyD"]
[BlackTeam "Maroczy"]
[WhiteTeamCountry "HUN"]
[BlackTeamCountry "HUN"]

1. d4 Nf6 2. c4 g6 3. Nc3 Bg7 4. e4 d6 5. f3 0-0 6. Be3 a6 7. Qd2 Nc6 8. Nge2 Rb8 9. Rb1 Re8 10. b4 e5 11. d5 Ne7 12. g4 c6 13. Ng3 cxd5 14. cxd5 Bd7 15. a4 b5 16. axb5 Bxb5 17. Nxb5 axb5 18. Bd3 Qd7 19. 0-0 Rec8 20. Ra1 Rc7 21. Ra5 Ne8 22. Qe2 Rcb7 23. Rfa1 Nc7 24. Ra7 Kh8 25. Rxb7 Rxb7 26. Kh1 Qe8 27. Ra5 f5 28. Nf1 fxg4 29. fxg4 Ng8 30. g5 Qd7 31. Kg2 Bf8 32. Nd2 Be7 33. Nb1 h6 34. h4 Rb8 35. Nc3 Qd8 36. Qg4 Qe8 37. Ra7 Qd8 38. gxh6 Nf6 39. Qxg6 Qg8 40. Qg7+ 1-0

[Event "HUN-chT2 Toth 0506"]
[Site "Hungary"]
[Date "2005.12.04"]
[Round "5"]
[White "Kevei, Peter"]
[Black "Vicsai, Gabor"]
[Result "1/2-1/2"]
[WhiteElo "2234"]
[BlackElo "2174"]
[PlyCount "105"]
[EventDate "2005.10.16"]
[EventType "team"]
[EventRounds "11"]
[EventCountry "HUN"]
[SourceTitle "EXT 2009"]
[Source "ChessBase"]
[SourceDate "2008.11.26"]
[SourceVersion "1"]
[SourceVersionDate "2008.11.26"]
[SourceQuality "1"]
[WhiteTeam "Maroczy"]
[BlackTeam "Mako"]
[WhiteTeamCountry "HUN"]
[BlackTeamCountry "HUN"]

1. e4 c5 2. Nf3 Nc6 3. d4 cxd4 4. Nxd4 g6 5. c4 Bg7 6. Be3 Nf6 7. Nc3 Ng4 8. Qxg4 Nxd4 9. Qd1 Ne6 10. Rc1 d6 11. Bd3 Bd7 12. 0-0 Nc5 13. Bb1 a5 14. f4 b6 15. f5 0-0 16. Bd4 Bc6 17. Rf3 Nd7 18. Ne2 b5 19. cxb5 Bxb5 20. Nf4 Ne5 21. Rh3 Rc8 22. Bc3 Qb6+ 23. Kh1 Qf2 24. Nd5 Rfe8 25. Rc2 Qf1+ 26. Qxf1 Bxf1 27. Bxa5 Rxc2 28. Bxc2 Ng4 29. Bb6 e6 30. Nc7 Rb8 31. Rb3 Bc4 32. Rb4 d5 33. exd5 exd5 34. Ba5 Rxb4 35. Bxb4 Bxb2 36. a4 Bd4 37. g3 Ne3 38. Bb1 Be2 39. h4 Bf3+ 40. Kh2 Ng4+ 41. Kh3 Bg1 42. h5 g5 43. Be1 Kg7 44. Nxd5 Kh6 45. f6 Kxh5 46. Bf5 Bxd5 47. Bxg4+ Kg6 48. Be2 Kxf6 49. Bc3+ Kg6 50. Bd3+ f5 51. g4 Be6 52. Bd2 h6 53. a5 1/2-1/2